Statistics for Most Visited Countries by Luxembourgers

Click here to take the quiz!

General Stats

  • This quiz has been taken 548 times
  • The average score is 5 of 5

Answer Stats

No.touristsDestination% Correct
271,980Germany
100%
322,357France
99%
134,815Belgium
96%
107,782Italy
92%
128,292Spain
92%

Score Distribution

Percentile by Number Answered

Percent of People with Each Score

Your Score History

You have not taken this quiz